LEADER 01215nam a2200301 a 4500 001 000000125601 003 CaOOAMICUS 005 20110608121627.0 008 110608s2011 it b u000 u ita r 020 $a978-88-15-14932-9 040 $aPUL$bita 082 04$a953 100 1 $aDel Zanna, Giorgio.$0(OLS)http://pul/name/79547 245 12$aI cristiani e il Medio Oriente :$b(1798-1924) /$cGiorgio Del Zanna. 260 $aBologna :$bIl Mulino,$c©2011. 300 $a361 p. :$bc. geogr. ;$c22 cm 490 1 $aSaggi ;$v748 504 $aBibliografia in nota. 651 4$aMedio Oriente$xStoria ecclesiastica.$0(OLS)http://pul/subject/25047 830 0$aSaggi (Il Mulino) ;$v748.$0(OLS)http://pul/title/7843 850 $aPUL 852 $aPUL$W1$xSL Cons. Gen., Altre Classi 3$y75$m953 DELGI 1$j144684$qDDC 21$B143701$CPULBib$Z2$F143701 $H117257 $82 941 1 $a9 996 $6020$a978-88-15-14932-9$9(OLS)http://pul/number/147413 996 $6082$a953$9(OLS)http://pul/classification/2037 996 $6245$aI cristiani e il Medio Oriente :$b(1798-1924)$9(OLS)http://pul/title/158387 996 $6260$aBologna :$bIl Mulino$9(OLS)http://pul/publisher/47928 LEADER 01352nam a2200325 a 4500 001 000000145529 003 CaOOAMICUS 005 20220623153129.0 008 150908s1991 it u000 u ita r 020 $z8831506099* 032 $aLibriCat 040 $aPUL$bita 041 1 $aita$hfre 130 0 $aMorale en catéchèse.$lItaliano.$0(OLS)http://pul/title/184040 245 13$aLa morale in catechesi :$bproblematiche e prospettive /$cAutori vari ; presentazione di Giannino Piana. 260 $aMilano :$bEdizioni Paoline,$c©1991. 300 $a127 p. ;$c23 cm 490 1 $aEvangelizzazione oggi ;$v03 504 $aBibliografia in nota. 650 4$aCatechesi$xMorale.$0(OLS)http://pul/subject/42063 700 1 $aPiana, Giannino,$d1939-2023.$0(OLS)http://pul/name/35581 830 0$aEvangelizzazione oggi ;$v03.$0(OLS)http://pul/title/63343 850 $aPUL 852 $aPUL$W1$xDP1 Fondo S. Lanza$y121$m3 P 3$j168266$qFondi$B168864$CPULBib$Z2$F168864 $HLan2110 $82 941 1 $a1 961 $aNota ms. di possesso: Sergio Lanza 996 $6020$z8831506099*$9(OLS)http://pul/number/158521 996 $6245$aLa morale in catechesi :$bproblematiche e prospettive$9(OLS)http://pul/title/184039 996 $6260$aMilano :$bEdizioni Paoline$9(OLS)http://pul/publisher/51378